[Event "FIDE GP"]
[Site "Moscow"]
[Date "2002.06.03"]
[Round "3.2"]
[White "Ponomariov, Ruslan"]
[Black "Dreev, Alexey"]
[Result "1-0"]
[WhiteElo "2743"]
[BlackElo "2677"]
[Annotator "Rabinovich,Al"]
[PlyCount "75"]
[EventDate "2002.06.01"]
[EventType "k.o. (rapid)"]
[EventRounds "5"]
[EventCountry "RUS"]
[SourceTitle "CBM 090"]
[Source "ChessBase"]
[SourceDate "2002.09.20"]
[SourceVersion "1"]
[SourceVersionDate "2002.09.20"]
[SourceQuality "1"]

1. e4 c5 2. Nf3 Nc6 3. Bb5 e6 4. Bxc6 bxc6 5. O-O {I bilieve that the
alternative 5.d3 is more ambicious!} (5. d3 d6 (5... Ne7 6. Qe2 (6. Nbd2 Ng6 7.
h4 h5 8. Nc4 d6 9. Bd2 e5 10. Ne3 Nf4 11. g3 Ne6 12. Ng5 f6 13. Nxe6 Bxe6 14.
c4 $14 {1-0 Anand,V-Christiansen,L/Monte Carlo 1993/CBM 34 ext (61)}) (6. Ng5
f6 7. Nh3 d5 8. Nc3 Ng6 9. Qh5 Bd6 10. Nf4 Bxf4 11. Bxf4 O-O 12. Bd2 f5 $14 {
1-0 Adams,M-Vaisser,A/France 2001/EXT 2002 (52)}) 6... Ng6 (6... f6 7. Nh4 g6
8. f4 Bg7 9. O-O (9. Nf3 O-O 10. Qf2 d6 11. Nc3 e5 12. fxe5 fxe5 13. Qh4 a5 14.
Bh6 $16 {1-0 Glek,I-Krasenkow,M/Mainz GER 2002/The Week in Chess 406 (64)})
9... d6 (9... O-O 10. Nf3 h6 11. Nc3 e5 12. fxe5 fxe5 13. Qf2 g5 14. Qxc5 d6
15. Qe3 Ng6 16. Qe1 Rb8 17. Nd2 Nf4 18. Ne2 Rb7 19. Nc4 d5 20. Ne3 dxe4 21.
dxe4 Rbf7 22. Ng3 {1/2-1/2 Fressinet,L-Lautier,J/Cannes FRA 2002/The Week in
Chess 381 (22)}) 10. Nf3 O-O 11. e5 Nf5 12. exd6 Nd4 13. Qf2 Qxd6 14. Nc3 e5
15. Ne4 Qe7 16. Nxd4 cxd4 17. fxe5 fxe5 18. Qe2 Rxf1+ {1/2-1/2 Tkachiev,
V-Smirin,I/Biel SUI 2002/The Week in Chess 403 (18)}) 7. h4 h5 8. e5 f6 9. Qe4
Kf7 10. Na3 $14 {1/2-1/2 Topalov,V-Shirov,A/Monaco MNC 2002/The Week in Chess
385 (39)}) 6. e5 dxe5 7. Nxe5 Qd5 8. Nf3 c4 $13 {1/2-1/2 Adams,M-Krasenkow,M/
Istanbul 2000/EXT 2001 (21)}) 5... Qc7 (5... Ne7 {More flexible setup.} 6. d3
Ng6 7. Qe2 (7. Ng5 h6 8. Nh3 d5 9. Nf4 Nxf4 10. Bxf4 Qf6 11. Qc1 g5 12. Bg3 Rg8
13. Nc3 h5 14. f4 gxf4 15. Qxf4 Qxf4 16. Bxf4 Ba6 17. Rae1 d4 18. Nb1 c4 $15 {
0-1 Sadvakasov,D-Van Wely,L/Amsterdam NED 2002/The Week in Chess 404 (38)}) (7.
e5 f6 8. Qe2 Be7 9. Nbd2 O-O 10. Nc4 Qc7 11. Bd2 fxe5 12. Ncxe5 Nf4 13. Qe4 Nd5
$15 {0-1 Wang,H-Tyomkin,D/Toronto CAN 2002/The Week in Chess 406 (37)}) 7... e5
8. c3 Ba6 9. a3 Bd6 10. b4 O-O 11. Be3 f5 $132 {1-0 Rozentalis,E-Kotronias,V/
Cappelle la Grande FRA 2002/The Week in Chess 380 (42)}) 6. b3 {A rare
continuation.Which shouldn't give white something real.} Ne7 7. Ba3 d6 8. c3 (
8. e5 dxe5 9. Bxc5 e4 $132) (8. d4 $5 cxd4 9. Qxd4 c5 10. Qd3 {[%csl Rd6][%cal
Gc2c4]}) 8... Ba6 9. Re1 Ng6 10. d4 Be7 (10... cxd4 11. cxd4 (11. Qxd4 $14 {
[%csl Ra6][%cal Gc3c4]}) 11... Be7 $14) 11. dxc5 dxc5 12. Qc2 Qa5 $1 {[%csl
Ra3,Rb1] Very important move.Black almost forces white bishop to back up and
releazes the pressure on Pc5.} 13. Bb2 O-O 14. c4 {[%csl Ra6][%cal Gb1c3,Gb2g7]
} e5 {Pawns c6-c5 have some bad points,but as wel as good: they allow black to
play e5-close the Bb2 and at the same time hold the d5-square!} 15. Nc3 f6 $11
{[%cal Gg6f4,Gf4e6,Ge6d4] Black can be satisfied with the results of the
opening. The d4 square is shining and waiting for one of black pieces to come,
spacially knight!} 16. Na4 Nf4 17. Qc3 Qc7 18. Ba3 Ne6 19. Qe3 (19. Rad1 Rad8 {
[%csl Gd4]} 20. Nh4 g6 21. Nf3 $11) 19... Qa5 {[%cal Ga5c5,Ge6d4]} 20. Qd2 Qc7
21. Qe3 Qa5 {Both sides checking the opponent's opinion about the draw result.
Which is quiet logical in this position.} 22. Qd2 Qxd2 $2 {[%mdl 16384]
Objectivly the position is equal and the best decision was to play 22...Qc7.
The move in the game,trying to win by force just getting white into the
trouble!} (22... Qc7 $11) 23. Nxd2 Bc8 $6 (23... Rad8 24. Rad1 $14) 24. Nf1 {
The final destination for the knight is c5-square!} Bd7 25. Rad1 Be8 (25...
Rad8 $142) 26. Ne3 g6 27. f3 $1 {[%cal Gf3g4,Gg4f2,Gf2d3,Gd3c5] Very sharp
move! Preparing knight's rout to the c5!} Rf7 {Missing a simple whit'e idea!}
28. Ng4 $16 {[%cal Gg4h6,Gg4f2]} Bf8 29. Nf2 {Now black position is looking
bad! No counterplay,simply loosing the pawn and in addition to that white
controls the only open d-file!} Nd4 {Other moves ain't better.} 30. Bxc5 Bxc5
31. Nxc5 {[%csl Re8]} g5 32. Ng4 $1 {[%cal Gg4e3,Gg4h6] After the knight from
d4 will be moved,black will resign! The same idea twice in the game,the knight
already was at this square with similar ideas!} Kf8 33. Nh6 Re7 34. Nf5 Nxf5
35. exf5 {It was suitible place to resign!} h5 {The last moves really don't
change anything.} 36. Rd6 Kg7 37. Kf2 a5 38. Red1 {Zugzwang!!Black has almost
no moves.} 1-0

[Event "FIDE GP"]
[Site "Moscow"]
[Date "2002.06.04"]
[Round "4.4"]
[White "Akopian, Vladimir Eduardovic"]
[Black "Ponomariov, Ruslan"]
[Result "1-0"]
[WhiteElo "2678"]
[BlackElo "2743"]
[Annotator "Rabinovich,Al"]
[PlyCount "122"]
[EventDate "2002.06.01"]
[EventType "k.o. (rapid)"]
[EventRounds "5"]
[EventCountry "RUS"]
[SourceTitle "CBM 090"]
[Source "ChessBase"]
[SourceDate "2002.09.20"]
[SourceVersion "1"]
[SourceVersionDate "2002.09.20"]
[SourceQuality "1"]

1. e4 {[%mdl 8212]} c5 2. Nf3 Nc6 3. Bb5 g6 4. Bxc6 bxc6 5. O-O Bg7 6. c3 {
Another possible move here is:} (6. Re1 Nh6 (6... Nf6 7. e5 Nd5 8. c4 Nc7 9. d4
cxd4 10. Qxd4 O-O 11. Qh4 $36 {1-0 Sutovsky,E-Tibensky,R/Kaskady SVK 2002/The
Week in Chess 400 (28)}) 7. c3 O-O 8. d4 cxd4 9. cxd4 f6 10. b3 Nf7 11. Nbd2
$14 {1-0 Morozevich,A-Kasimdzhanov,R/Wijk aan Zee NED 2002/The Week in Chess
376 (69)}) 6... Nh6 (6... Nf6 {Less flexible move,but should be checked as
well.In some variations occure positions from 6.Re1} 7. e5 (7. Re1 $5 {[%cal
Gd2d4]}) 7... Nd5 8. d4 cxd4 9. Qxd4 d6 10. Qa4 Bb7 (10... Bd7 $6 11. exd6 exd6
12. Re1+ $14) 11. exd6 Qxd6 12. Na3 $14 {[%cal Ga3c4,Gc4a5,Ga5b7,Ga5c6] 1/2-1/
2 Minasian,A-Kovalevskaya,E/Moscow RUS 2002/The Week in Chess 379 (22)}) 7. d4
cxd4 8. cxd4 f6 {[%cal Gh6f7]} 9. Nc3 Nf7 (9... O-O $5 10. Re1 {What probably
should lead to the same setup as in the game.}) 10. Re1 (10. h3 d6 11. Re1 O-O
12. Be3 Qb6 13. b3 Qb7 14. Rc1 Bd7 15. Nd2 Rad8 16. Nc4 Qa6 17. Qd2 e5 18. dxe5
fxe5 {[%cal Gd7e6] 1-0 Anand,V-Taleb,M/Dubai UAE 2002/The Week in Chess 387 
(38) Black should be satisfied with the opening results.}) 10... d6 11. b3 (11.
h3) 11... O-O 12. Bb2 Bd7 {The position rised is not easy for evaluation.
White position without any weaknesses and strong center,well placed pieces
looking promising. On the other hand black pawn setup and light pieces
flexibly placed and no real weak squares neither pawns are on the board.} 13.
Qc2 {[%cal Gf3d2,Gd2c4,Gc4a5,Ga5c6]} Qa5 14. h3 Rfe8 {[%cal Ge7e5]} (14... f5
$6 15. exf5 (15. e5 $1 dxe5 16. dxe5 Nxe5 17. Nxe5 Bxe5 18. Nd5 $40 Bxb2 (18...
Qxd5 19. Rad1 $18) 19. Nxe7+ Kf7 20. Qxb2 Rae8 21. Re5 $18 {[%cal Ga1e1]})
15... Bxf5 $132 {[%cal Ga8e8]}) 15. Ne2 Rac8 $11 16. Bc3 Qa6 17. Qb2 {[%cal
Gb2g7] Preparing ..........} e5 18. dxe5 fxe5 19. Rad1 Be6 $6 (19... Bh8 $1 {
[%cal Gf7h8] Protecting the bishop.}) {[%tqu "En","White did white plan by
playing 17.Qb2?!","Look at white bishop+queen!","The pin of the e5 pawn!",
"e2f4","Correct!",10]} 20. Nf4 $1 {Black can't take on f4 and forced to back
up with the bishop.} Bd7 21. Nd3 g5 $4 {[%mdl 8192]} (21... Re7 $1 $11 {
[%csl Gd7] This move still holds the equality.}) {[%tqu "En","Now white has an
opportunity to punish black for his last move!","Use the d-file!","","d3c5",
"Correct! Now black is in trouble.",10]} 22. Nc5 $1 $16 {[%cal Gc5d7,Gc5a6]}
dxc5 $8 23. Rxd7 {[%csl Rc5,Rc6,Re5,Rf7,Rg5,Rg7]} h6 24. Red1 Re6 25. Nd2 (25.
Ne1 $1 {[%cal Ge1d3,Gd3c5]} Rce8 26. Nd3 Bf8 27. Qe2 {[%cal Ge2f3,Gf3f7]})
25... Nd6 26. Nc4 $1 {Exchanging the knights white has almost a piece up,since
Bg7 won't take a part in the game!} Nxc4 27. bxc4 Rf8 (27... Qxc4 28. Qb7 $18 {
[%cal Gb7c8,Gd7g7]}) 28. Qb7 $1 {The easy way to win is ending !} Qxb7 29. Rxb7
{[%cal Gd1d7]} a6 30. Rdd7 $18 {Black is helpless. White pieces dominate and
black can't defend none of his weak pawns.} Bf6 31. Ra7 h5 32. Rxa6 Rf7 33.
Raa7 Rxd7 34. Rxd7 {It was good moment to resign,but black makes a few moves
automaticly and only then...........} Re8 35. Rd6 Kf7 36. Rxc6 Ra8 37. Rxc5
Rxa2 38. Bxe5 {3 pawns up should be enough! The rest is simple and requier no
comments.} Be7 39. Rc6 g4 40. hxg4 hxg4 41. Bg3 Re2 42. e5 Bg5 43. Kf1 Rc2 44.
Rc8 Ke6 45. Kg1 Kf5 46. c5 Be7 47. c6 Rc4 48. Rc7 Ke6 49. Kh2 Rc2 50. Rc8 Rc4
51. Rg8 Kf5 52. Rg7 Ke6 53. c7 Rxc7 54. Rxg4 Rc8 55. Rg6+ Kf5 56. Rg7 Bg5 57.
Rf7+ Ke6 58. Rh7 Rc4 59. Kh3 Ra4 60. Rh5 Bd2 61. f4 Kd5 1-0

[Event "Duel of the Champions"]
[Site "Mainz"]
[Date "2002.08.16"]
[Round "3"]
[White "Ponomariov, Ruslan"]
[Black "Anand, Viswanathan"]
[Result "1-0"]
[WhiteElo "2743"]
[BlackElo "2755"]
[Annotator "Rogozenco,D"]
[PlyCount "87"]
[EventDate "2002.08.16"]
[EventType "match (rapid)"]
[EventRounds "8"]
[EventCountry "GER"]
[SourceTitle "CBM 091"]
[Source "ChessBase"]
[SourceDate "2002.11.12"]
[SourceVersion "1"]
[SourceVersionDate "2002.11.12"]
[SourceQuality "1"]

1. e4 c5 2. Nf3 Nc6 3. d4 cxd4 4. Nxd4 Nf6 5. Nc3 e5 6. Ndb5 d6 7. Bg5 a6 8.
Na3 b5 9. Bxf6 gxf6 10. Nd5 f5 11. Bd3 Be6 12. O-O Bxd5 13. exd5 Ne7 14. c3 {
The most critical line against Sveshnikov Sicilian.} Bg7 (14... Qd7 15. Nc2 $1
$14 {[%cal Ga2a4]}) 15. Qh5 e4 {Sooner or later Black must make this advance
and White will start his play against Black's central pawn formation.} 16. Bc2
O-O 17. Rae1 Qc8 (17... Rc8 {is another plan - to bringthe rook to c5. Here
too, White must protect his d5-pawn with} 18. Bb3 $14) 18. Bb3 (18. Kh1 {
Considered best until Leko's novelty in Dortmund, which might re-evaluate it.
I guess 18.Bb3 will become more popular in the near future, since in the
practice Black didn't demonstrate a clear way here yet.} Rb8 $1 {Leko.}) 18...
Ng6 (18... a5 19. Qg5 $1 (19. Nxb5 a4 20. Bd1 Qc5 {was good for Black in
Nunn-McShane, Hastings 1998}) 19... Ng6 20. Nxb5 a4 21. Bd1 Qc5 22. c4 Qxc4 23.
Nxd6 Qxa2 24. Re2 Qxd5 25. Nxf5 Ra5 26. g4 $16 {1-0 Bruzon Bautista,L-Handke,F/
Oropesa del Mar 1999 (53)}) 19. Nc2 Re8 (19... Nf4 20. Qg5 Nd3 21. Ne3 h6 22.
Qxf5 Nxe1 23. Rxe1 {and White has a very good compensation for the exchange,
keeping positional advantage, Acs,P-Malakhatko,V/Yerevan 2001.}) 20. f4 {
Black's problem in these positions is connected with his pawn chain f5-e4. If
speaking from strictly strategical point of view, then in principle White
always has better prospects thanks to the potential weakness of pawn f5 and as
a consequence pawn e4. That's why Black's chances must be connected with a
dynamic play of the pieces.} exf3 21. Rxe8+ (21. Qxf3 f4 22. Nb4 Qc5+ 23. Kh1
Re3 24. Rxe3 Qxe3 25. Qd1 {1-0 Van den Doel,E-De Vreugt,D/Antwerp 1998 (39)})
21... Qxe8 22. Qxf3 f4 23. Re1 Qd7 (23... Qd8 $5 {[%cal Gd8g5]}) 24. Nb4 {
The present game shows that White is better and with Black it is rather a
difficult task to play it against a strong positional player. That's why Black
must find other ways to deal against White's opening plan.} a5 25. Nc6 Re8 26.
Rxe8+ Qxe8 27. Kf1 {[%csl Ra5,Rb5] A stable plus for White, who plays for a
win with no risk at all.} (27. Nxa5 Qe1+ 28. Qf1 Qd2 $132) 27... b4 (27... a4
28. Bc2 {[%csl Rb5][%cal Gc2d3]}) 28. cxb4 axb4 29. Qe2 Qd7 $6 (29... Qxe2+ {
Black surely has good drawing chances here. Although it is understandable that
Anand wanted to keep counterchances with queens on the board, it would have
been objectively stronger to enter this inferior endgame, which might be just
drawish with some accuracy. The problem is that due to White's dominance on
the light squares and strong pieces, Black is not able to create threats
against the opponent's king.}) 30. Bc2 {[%csl Rb4,Rf4]} Ne5 (30... Bxb2 $2 31.
Bxg6 hxg6 32. Qxb2) (30... Kf8 31. Nxb4 Qb7 32. Nd3 $1 (32. a3 $2 Bxb2 33. Bxg6
Bxa3 34. Nc2 Qb1+) (32. Nc6 Qxb2 33. Bxg6 Qc1+ $1 34. Kf2 hxg6) (32. Qd2 Bxb2
$1 33. Bxg6 Ba3 $1 34. Qxf4 hxg6 $1) 32... Qxd5 33. a4 $16 {[%cal Gb2b4]}) 31.
Qe4 f3 {Trying to organize some counterplay. However, as mentioned above, it
turns out that Black cannot create anything against white king. On the other
hand it must be added that here Black already had little choice. White is
technically winning.} 32. Qxh7+ Kf8 33. Qe4 fxg2+ 34. Kxg2 Ng4 (34... Qg4+ {
Now the endgame should be very difficult, since after} 35. Qxg4 Nxg4 36. Bb3
Bxb2 37. Nxb4 {White has two passed pawns and even many opposite-coloured
bishops endgames can be lost now.}) 35. h3 Ne5 (35... Nf6 36. Qxb4 Nxd5 37.
Qb8+ Qe8 38. Qxd6+ $18) 36. Ba4 {Now the outcome becomes clear. Black loses
too much material (two pawns) without any compensation.} Kg8 37. Qxb4 Ng6 38.
Bc2 Qe8 39. Qe4 Qa8 40. a4 Bxb2 41. Qg4 Kh8 (41... Kg7 42. Bxg6 fxg6 43. Ne7
$18) 42. Bxg6 fxg6 43. Qxg6 Qxa4 44. Ne7 1-0